Vision de los vencidos / (رقم التسجيلة. 131579)

تفاصيل مارك
000 -LEADER
fixed length control field 01106cam a2200301 a 4500
008 - FIXED-LENGTH DATA ELEMENTS--GENERAL INFORMATION
fixed length control field 140102s2009 sp a s f000 0 spa
020 ## - INTERNATIONAL STANDARD BOOK NUMBER
International Standard Book Number 9788449201561
040 ## - CATALOGING SOURCE
Original cataloging agency EG-GiCUC
Language of cataloging spa
Transcribing agency EG-GiCUC
041 1# - LANGUAGE CODE
Language code of text/sound track or separate title spa
Language code of original nah
043 ## - GEOGRAPHIC AREA CODE
Geographic area code n-mx---
050 00 - LIBRARY OF CONGRESS CALL NUMBER
Classification number F1230
092 04 - LOCALLY ASSIGNED DEWEY CALL NUMBER (OCLC)
Classification number 972.020924
Item number V8312
Edition number 21
099 ## - LOCAL FREE-TEXT CALL NUMBER (OCLC)
Classification number 04
-- 972.020924 V8312
245 00 - TITLE STATEMENT
Title Vision de los vencidos /
Statement of responsibility, etc. Edicion de Miguel Leon Portilla.
260 ## - PUBLICATION, DISTRIBUTION, ETC.
Place of publication, distribution, etc. Las Rozas, Madrid :
Name of publisher, distributor, etc. Dastin,
Date of publication, distribution, etc. c2009.
520 ## - SUMMARY, ETC.
Summary, etc. Collection of writings originally in Nahuatl about the Conquest of Mexico from the Aztec point of view.
650 #0 - SUBJECT ADDED ENTRY--TOPICAL TERM
Topical term or geographic name entry element Aztecs
General subdivision First contact with Europeans
Form subdivision Sources.
650 #0 - SUBJECT ADDED ENTRY--TOPICAL TERM
Topical term or geographic name entry element Indians of Mexico
General subdivision First contact with Europeans
Form subdivision Sources.
650 #0 - SUBJECT ADDED ENTRY--TOPICAL TERM
Topical term or geographic name entry element Nahuatl literature
Form subdivision Translations into Spanish.
651 #0 - SUBJECT ADDED ENTRY--GEOGRAPHIC NAME
Geographic name Mexico
General subdivision History
Chronological subdivision Conquest, 1519-1540
Form subdivision Sources.
700 1# - ADDED ENTRY--PERSONAL NAME
Personal name Leon Portilla, Miguel.
856 40 - ELECTRONIC LOCATION AND ACCESS
Uniform Resource Identifier <a href="http://biblioweb.dgsca.unam.mx/libros/vencidos/">http://biblioweb.dgsca.unam.mx/libros/vencidos/</a>
902 ## - LOCAL DATA ELEMENT B, LDB (RLIN)
No. of Items 2
905 ## - LOCAL DATA ELEMENT E, LDE (RLIN)
Cataloger Jamal
Reviser Rev.
905 ## - LOCAL DATA ELEMENT E, LDE (RLIN)
Cataloger Jihan
Reviser Cat.
942 ## - ADDED ENTRY ELEMENTS (KOHA)
Source of classification or shelving scheme Dewey Decimal Classification
Koha item type Books
المقتنيات
Source of classification or shelving scheme Not for loan Home library Current library Date acquired Full call number Barcode Date last seen Copy number Koha item type
Dewey Decimal Classification   المكتبة المركزبة الجديدة - جامعة القاهرة قاعة الثقاقات الاجنبية - الدور الثالث 11.02.2024 972.020924 V8312 c.1 Spa. 01000116003263000 05.07.2024 C.1 Books
Dewey Decimal Classification   المكتبة المركزبة الجديدة - جامعة القاهرة قاعة الثقاقات الاجنبية - الدور الثالث 11.02.2024 972.020924 V8312 c.2 Spa. 01000116003264000 05.07.2024   Books
Cairo University Libraries Portal Implemented & Customized by: Eng. M. Mohamady Contacts: new-lib@cl.cu.edu.eg | cnul@cl.cu.edu.eg
CUCL logo CNUL logo
© All rights reserved — Cairo University Libraries
CUCL logo
Implemented & Customized by: Eng. M. Mohamady Contact: new-lib@cl.cu.edu.eg © All rights reserved — New Central Library
CNUL logo
Implemented & Customized by: Eng. M. Mohamady Contact: cnul@cl.cu.edu.eg © All rights reserved — Cairo National University Library